De logica liber vnus

Gespeichert in:
Bibliographische Detailangaben
1. Verfasser: Juan Damasceno, Santo (VerfasserIn)
Format: Buch
Sprache:Latein
Veröffentlicht: Colonia Petri Quentel 1546
Ausgabe:1a. ed
Schlagworte:
Tags: Tag hinzufügen
Keine Tags, Fügen Sie den ersten Tag hinzu!

MARC

LEADER 00000nam a2200000 a 4500
001 UCJ8610
003 CL-VaPUC
008 070124e15460000GW |||||||||||||||||lat|d
082 0 4 |a 270.2  |b JUA  |2 21 
100 0 |a Juan Damasceno, Santo  |e author  |9 517470 
245 1 0 |a De logica liber vnus 
246 1 0 |a De fide orthodoxa libri IIII 
246 1 0 |a De centum haeresibus liber vnus 
250 |a 1a. ed 
300 |a pág. irreg 
942 |c BK 
945 |d 20070124 00:00:00  |a rinostro 
260 |a Colonia  |b Petri Quentel  |c 1546 
500 |a 4§ mayor, pasta.-Port.- v.: Ex Ioannis Trithemij...Capitales orladas.- Apostillado. Formato .34x.22 m 
650 0 |a Teología dogmática   |9 313198 
650 7 |a IMAGENES SAGRADAS  |2 CL-VaPUC  |9 517471 
650 7 |a ICONOCLASTAS  |2 CL-VaPUC  |9 517472 
650 7 |a LIBRO RARO  |2 CL-VaPUC  |9 504169 
650 7 |a BIOGRAFIA  |2 CL-VaPUC  |9 504622 
583 |a last modification  |c 20070124 00:00:00  |k Rodrigo Vera 
999 |c 324280  |d 324278 
952 |0 0  |1 0  |4 0  |6 270_200000000000000_JUA_1546  |7 0  |8 X  |9 404317  |a FDOBUD  |b FDOBUD  |d 2019-11-22  |i 1080520  |o 270.2 JUA 1546  |p 1080520  |r 2019-11-22  |w 2019-11-22  |y BK_X  |k BUD